| 000 | 00409nam a2200157Ia 4500 | ||
|---|---|---|---|
| 008 | 210716s2005 xx 000 0 und d | ||
| 020 | _a8174464425 | ||
| 041 | _aeng | ||
| 082 | _a658.406 SINK | ||
| 100 | _aSingh, Kavita. | ||
| 245 | _aOrganisation change and development. | ||
| 250 | _a1 | ||
| 260 |
_aNew Delhi _bExcel Books _c2005 |
||
| 300 | _axiv,383 | ||
| 650 | _aOrganizational Development & Change | ||
| 999 |
_c201279 _d201279 |
||